Представление документа в формате RUSMARC

ПолеНазваниеЗначение
  Тип записи a
  Библиографический уровень c
001 Контрольный номер RU/SLIB/B/208790157
005 Дата корректировки 20241021094247.0
010 Индекс ISBN __
d Цена 863-00
101 Язык документа 0_
a Язык текста rus
c Язык оригинала rus
200 Заглавие и сведения об ответственности 1_
a Заглавие Диво дивное
e Сведения, относящиеся к заглавию рус. нар. сказки : в 2 т.
f Первые сведения об ответственности сост. Шавкута А. Д. ; худож. В. В. Вагин
b Общее обозначение материала Текст
h Номер части Т. 2
210 Выходные данные 1_
a Место издания М.
c Издательство Современник
d Дата издания 1993
215 Физическое описание __
a Объем 238 с.
c Иллюстрации/тип воспроизводства ил.
606 Тематические рубрики __
a Основная рубрика Фольклор
606 Тематические рубрики __
a Основная рубрика Фольклор России
610 Ключевые слова 0_
a Ключевые слова сказки; русские сказки; народные сказки
686 Индексы других классификаций __
a Классификационный индекс 84.2
702 Вторичная интеллектуальная ответственность _1
a Фамилия Шавкута
b Имя А. Д.
4 Код отношения Составитель
4 Код отношения 220
702 Вторичная интеллектуальная ответственность _1
a Фамилия Вагин
b Имя В. В
4 Код отношения Художник
4 Код отношения 040
801 Источник записи _0
a Страна RU
b Организация Муниципальное бюджетное учреждение культуры "Централизованная библиотечная система" г. Сургут (Центральная городская библиотека им. А. С. Пушкина)
g Правила каталогизации ЦДБ/Симакова
801 Источник записи _1
a Страна RU
b Организация Муниципальное бюджетное учреждение культуры "Централизованная библиотечная система" г. Сургут (Центральная городская библиотека им. А. С. Пушкина)
g Правила каталогизации ЦДБ/Симакова
852 Данные о местонахождении __
j Шифр хранения 84.2
c Каталожный индекс 84.2
i Авторский знак Д 44
p Инвентарный номер 52027
901 Тип документа __
t Тип документа x
903 Характеристики (МАРС) __
a Дата передачи 20060516
969 Тип издания __
a Тип издания сборник
990 Данные о заказе (DOS) __
j Количество экземпляров (DOS) 7
t N записи в КСУ для И/У (DOS) 199501